<?xml version="1.0" encoding="UTF-8"?>
<record
    xmlns:xsi="http://www.w3.org/2001/XMLSchema-instance"
    xsi:schemaLocation="http://www.loc.gov/MARC21/slim http://www.loc.gov/standards/marcxml/schema/MARC21slim.xsd"
    xmlns="http://www.loc.gov/MARC21/slim">

  <leader>00651nam a22002050  4500</leader>
  <controlfield tag="001">ocm9718938036</controlfield>
  <controlfield tag="003">PILC</controlfield>
  <controlfield tag="005">20150907071458.0</controlfield>
  <controlfield tag="008">981107s1996                             </controlfield>
  <datafield tag="020" ind1=" " ind2=" ">
    <subfield code="a">9718938036</subfield>
    <subfield code="c">171.0000</subfield>
  </datafield>
  <datafield tag="050" ind1=" " ind2=" ">
    <subfield code="a">BF 1461 </subfield>
    <subfield code="b">.R263 1996</subfield>
  </datafield>
  <datafield tag="100" ind1="1" ind2=" ">
    <subfield code="a">Regis, Frank B.</subfield>
  </datafield>
  <datafield tag="245" ind1="1" ind2="4">
    <subfield code="a">The ghost manual (healing of a soul) :</subfield>
    <subfield code="b">everything you've always wanted to know about ghosts but were very afraid to ask... /</subfield>
    <subfield code="c">Josef Frank B. Regis.</subfield>
  </datafield>
  <datafield tag="260" ind1=" " ind2=" ">
    <subfield code="a">Manila :</subfield>
    <subfield code="b">InterSelf Foundation,</subfield>
    <subfield code="c">1996.</subfield>
  </datafield>
  <datafield tag="300" ind1=" " ind2=" ">
    <subfield code="a">162 pages ;</subfield>
    <subfield code="c">21 cm.</subfield>
  </datafield>
  <datafield tag="650" ind1=" " ind2=" ">
    <subfield code="a">Apparitions.</subfield>
  </datafield>
  <datafield tag="650" ind1=" " ind2=" ">
    <subfield code="a">Ghosts.</subfield>
  </datafield>
  <datafield tag="650" ind1=" " ind2=" ">
    <subfield code="a">Spiritualism.</subfield>
  </datafield>
  <datafield tag="942" ind1=" " ind2=" ">
    <subfield code="2">lcc</subfield>
    <subfield code="c">BK</subfield>
  </datafield>
  <datafield tag="999" ind1=" " ind2=" ">
    <subfield code="c">288613</subfield>
    <subfield code="d">288613</subfield>
  </datafield>
  <datafield tag="952" ind1=" " ind2=" ">
    <subfield code="0">0</subfield>
    <subfield code="1">0</subfield>
    <subfield code="2">lcc</subfield>
    <subfield code="4">0</subfield>
    <subfield code="a">CL</subfield>
    <subfield code="b">CL</subfield>
    <subfield code="c">FIL</subfield>
    <subfield code="d">2015-09-07</subfield>
    <subfield code="e">DONATION</subfield>
    <subfield code="l">1</subfield>
    <subfield code="m">4</subfield>
    <subfield code="o">BF 1461  .R263 1996</subfield>
    <subfield code="p">C19922</subfield>
    <subfield code="r">2018-05-08 00:00:00</subfield>
    <subfield code="s">2016-11-23</subfield>
    <subfield code="w">2015-09-07</subfield>
    <subfield code="y">BK</subfield>
  </datafield>
</record>
